| 000 | 00613nam a22002057a 4500 | ||
|---|---|---|---|
| 003 | OSt | ||
| 005 | 20220525044622.0 | ||
| 008 | 160205b xxu||||| |||| 00| 0 eng d | ||
| 020 | _a1591582350 | ||
| 040 |
_cMMU _aMMU _beng _dMMU |
||
| 050 | _aZ 693 .W94 2006 | ||
| 100 | _aTaylor ,Arlene G. | ||
| 245 |
_aIntroduction to cataloging and classification / _c Arlene G. Taylor. |
||
| 260 |
_aUSA : _bLibraries unlimited , _c2006. |
||
| 300 | _axviii, 589 p. : | ||
| 500 | _aincludes index | ||
| 650 | _acataloging and classification | ||
| 942 |
_2lcc _cLOAN LOAN _e10th ed. |
||
| 980 | _a^d20120120 11:44:17^okorir | ||
| 999 |
_c8628 _d8628 |
||